[Event "COL-ch Seniors"]
[Site "Cartagena"]
[Date "2016.10.26"]
[Round "1"]
[White "Montoya Perez, Juan Rafael"]
[Black "Zapata, Olga Maria"]
[Result "1-0"]
[WhiteElo "1928"]
[BlackElo "1750"]
[PlyCount "57"]
[EventDate "2016.10.26"]
[EventType "swiss"]
[EventRounds "7"]
[EventCountry "COL"]
[SourceTitle "EXT 2018"]
[Source "ChessBase"]
[SourceDate "2017.10.13"]
[SourceVersion "1"]
[SourceVersionDate "2017.10.13"]
[SourceQuality "1"]

1. Nc3 d5 2. e4 dxe4 3. Nxe4 Bf5 4. Ng3 Bg6 5. Nf3 Nd7 6. d4 e6 7. h4 h6 8. h5 Bh7 9. Bc4 Ngf6 10. Qe2 Nb6 11. Bb3 Be7 12. Bf4 Nbd5 13. Bd2 c6 14. Ne5 Qb6 15. c4 Nc7 16. c5 Qb5 17. Qf3 a5 18. Bc4 Qxb2 19. Bc3 Qa3 20. Bb3 a4 21. Nc4 axb3 22. Nxa3 Rxa3 23. axb3 Rxb3 24. 0-0 Ncd5 25. Ra8+ Kd7 26. Rxh8 Rxc3 27. Qd1 Rd3 28. Qa1 Rb3 29. Qa8 1-0

[Event "Bogota University op 9th"]
[Site "Bogota"]
[Date "2015.10.08"]
[Round "2"]
[White "Montoya Perez, Juan Rafael"]
[Black "Hernandez Moya, Yuleisis"]
[Result "0-1"]
[WhiteElo "1956"]
[BlackElo "2280"]
[PlyCount "31"]
[EventDate "2015.10.08"]
[EventType "swiss"]
[EventRounds "9"]
[EventCountry "COL"]
[SourceTitle "CBM 168 Extra"]
[Source "ChessBase"]
[SourceDate "2015.10.29"]
[SourceVersion "1"]
[SourceVersionDate "2015.10.29"]
[SourceQuality "1"]

1. d4 f5 2. e4 fxe4 3. Nc3 Nf6 4. Bg5 c6 5. f3 exf3 6. Nxf3 d6 7. Qd2 Bg4 8. 0-0-0 Nbd7 9. Re1 Qa5 10. Bc4 0-0-0 11. Kb1 Kb8 12. Rhf1 Bxf3 13. gxf3 e5 14. f4 exd4 15. Qxd4 d5 16. Be2 0-1

[Event "Medellin Easter op"]
[Site "Medellin"]
[Date "2015.??.??"]
[Round "4"]
[White "Lopez, Duvan"]
[Black "Montoya Perez, Juan Rafael"]
[Result "1-0"]
[WhiteElo "1685"]
[BlackElo "2007"]
[PlyCount "65"]
[EventDate "2015.04.01"]
[EventType "swiss"]
[EventRounds "9"]
[EventCountry "COL"]
[SourceTitle "CBM 165 Extra"]
[Source "ChessBase"]
[SourceDate "2015.04.21"]
[SourceVersion "1"]
[SourceVersionDate "2015.04.21"]
[SourceQuality "1"]

1. e4 e5 2. Nf3 Nc6 3. Bc4 Nf6 4. Ng5 Bc5 5. 0-0 0-0 6. d3 d6 7. Nc3 h6 8. Nf3 Bg4 9. h3 Bh5 10. Be3 Bd4 11. Qd2 Bxf3 12. gxf3 Nh5 13. Kh2 Kh7 14. Rg1 f5 15. exf5 Rxf5 16. Bd5 Rf4 17. Bxf4 Nxf4 18. Rg3 Qh4 19. Rag1 g5 20. Be4+ Kh8 21. Nd1 d5 22. Bf5 Ne7 23. Bg4 h5 24. Bd7 Rd8 25. Rxg5 Rxd7 26. R1g3 Rd6 27. Ne3 Rf6 28. Ng2 Nxg2 29. Kxg2 Rf4 30. c3 Bc5 31. d4 exd4 32. Qxf4 Ng6 33. Qf6+ 1-0

[Event "Medellin Easter op"]
[Site "Medellin"]
[Date "2015.??.??"]
[Round "8"]
[White "Montoya Perez, Juan Rafael"]
[Black "Rozo, Claudia Magally"]
[Result "1-0"]
[WhiteElo "2007"]
[BlackElo "1807"]
[PlyCount "27"]
[EventDate "2015.04.01"]
[EventType "swiss"]
[EventRounds "9"]
[EventCountry "COL"]
[SourceTitle "CBM 165 Extra"]
[Source "ChessBase"]
[SourceDate "2015.04.21"]
[SourceVersion "1"]
[SourceVersionDate "2015.04.21"]
[SourceQuality "1"]

1. Nc3 d5 2. e4 d4 3. Nce2 Nc6 4. Ng3 e5 5. Nf3 a6 6. Bc4 Bg4 7. h3 Bd7 8. d3 h6 9. 0-0 Na5 10. Bxf7+ Kxf7 11. Nxe5+ Ke6 12. Ng6 Rh7 13. Qh5 Nf6 14. Qxa5 1-0

[Event "COL-ch Physically limited"]
[Site "Barranquilla"]
[Date "2014.09.13"]
[Round "4.1"]
[White "Montoya Perez, Juan Rafael"]
[Black "Suaza, Yesid Rodrigo"]
[Result "1-0"]
[WhiteElo "1992"]
[BlackElo "1971"]
[PlyCount "55"]
[EventDate "2014.09.12"]
[EventType "swiss"]
[EventRounds "5"]
[EventCountry "COL"]
[SourceTitle "EXT 2024"]
[Source "ChessBase"]
[SourceDate "2023.10.10"]
[SourceVersion "1"]
[SourceVersionDate "2023.10.10"]
[SourceQuality "1"]

1. Nc3 d6 2. d4 g6 3. e4 Bg7 4. f4 Nf6 5. Nf3 0-0 6. Be3 Ng4 7. Bg1 c6 8. h3 Nf6 9. Bd3 Nbd7 10. Qd2 b5 11. a3 a5 12. e5 Ne8 13. a4 Nb6 14. b3 Bf5 15. g4 Be6 16. Be4 Qc7 17. Bh2 bxa4 18. 0-0 Qd7 19. Qg2 Rc8 20. Rad1 Nc7 21. f5 axb3 22. cxb3 Ncd5 23. Qd2 Ra8 24. Ra1 Ra7 25. Ng5 h6 26. Nxf7 g5 27. f6 Nxf6 28. exf6 1-0

[Event "COL-ch Physically limited"]
[Site "Barranquilla"]
[Date "2014.09.12"]
[Round "2.1"]
[White "Montoya Perez, Juan Rafael"]
[Black "Mora Rios, Angel"]
[Result "1-0"]
[WhiteElo "1992"]
[BlackElo "1658"]
[PlyCount "63"]
[EventDate "2014.09.12"]
[EventType "swiss"]
[EventRounds "5"]
[EventCountry "COL"]
[SourceTitle "EXT 2024"]
[Source "ChessBase"]
[SourceDate "2023.10.10"]
[SourceVersion "1"]
[SourceVersionDate "2023.10.10"]
[SourceQuality "1"]

1. Nc3 e5 2. d4 d6 3. dxe5 dxe5 4. Qxd8+ Kxd8 5. f4 Bd6 6. g3 Bf5 7. e4 Bd7 8. Be3 f5 9. 0-0-0 Nc6 10. Nf3 h6 11. exf5 Kc8 12. Nb5 Bxf5 13. Rxd6 a6 14. Rxc6 bxc6 15. Nc3 Ne7 16. Nxe5 Rd8 17. Bc5 Nd5 18. Bg2 Nxc3 19. bxc3 Kb7 20. Bxc6+ Kb8 21. Bf3 Be6 22. Nc6+ Kc8 23. Nxd8 Kxd8 24. Bxa8 Kc8 25. Rd1 Bd7 26. Ba7 c6 27. Kd2 Kc7 28. Ke3 Be6 29. Kd4 Bd5 30. Kc5 a5 31. c4 Be4 32. Bb6+ 1-0

[Event "Medellin IRT op"]
[Site "Medellin"]
[Date "2012.08.07"]
[Round "8"]
[White "Montoya Perez, Juan Rafael"]
[Black "Castano, Jhon Edison"]
[Result "0-1"]
[WhiteElo "2063"]
[BlackElo "2057"]
[PlyCount "62"]
[EventDate "2012.08.03"]
[EventType "swiss"]
[EventRounds "9"]
[EventCountry "COL"]
[SourceTitle "CBM 149 Extra"]
[Source "ChessBase"]
[SourceDate "2012.08.24"]
[SourceVersion "1"]
[SourceVersionDate "2012.08.24"]
[SourceQuality "1"]

1. e4 c5 2. Nf3 d6 3. d4 cxd4 4. Nxd4 Nf6 5. Nc3 a6 6. f3 e5 7. Nb3 b5 8. Be3 Bb7 9. a4 b4 10. Na2 d5 11. Qd2 Nc6 12. 0-0-0 d4 13. Bg5 h6 14. Bh4 Be7 15. Qe1 0-0 16. Bxf6 Bxf6 17. Nxb4 Nxb4 18. Qxb4 Rb8 19. Qa5 Qd6 20. h4 Rfc8 21. Kb1 Rc6 22. Qd2 Bc8 23. g4 g5 24. Na5 Rc5 25. Nb3 Rc7 26. hxg5 Bxg5 27. Qa5 Be6 28. Qxa6 Qb4 29. Rh2 Bxb3 30. cxb3 Qxb3 31. Re1 Rbc8 0-1

[Event "Antioquia Region-ch Seniors"]
[Site "Medellin"]
[Date "2011.07.??"]
[Round "6.3"]
[White "Arias, Braulio"]
[Black "Montoya Perez, Juan Rafael"]
[Result "0-1"]
[WhiteElo "2050"]
[BlackElo "2063"]
[PlyCount "78"]
[EventDate "2011.07.18"]
[EventType "tourn"]
[EventRounds "7"]
[EventCountry "COL"]
[SourceTitle "EXT 2024"]
[Source "ChessBase"]
[SourceDate "2023.10.10"]
[SourceVersion "1"]
[SourceVersionDate "2023.10.10"]
[SourceQuality "1"]

1. e4 c5 2. Nf3 d6 3. d4 cxd4 4. Nxd4 Nf6 5. Nc3 a6 6. Bc4 e5 7. Nde2 Be7 8. Bg5 0-0 9. Bxf6 Bxf6 10. Nd5 Bg5 11. 0-0 Be6 12. Ng3 g6 13. Bb3 Nc6 14. c3 Na5 15. Bc2 Nc4 16. b3 Na3 17. f4 exf4 18. Nxf4 Bf6 19. Nxe6 fxe6 20. Ne2 Nb5 21. Qd3 Rc8 22. Qh3 Qe7 23. Rf3 d5 24. Raf1 dxe4 25. Bxe4 Nd6 26. Bb1 Nf5 27. c4 Be5 28. Bxf5 Rxf5 29. Ng3 Rxf3 30. gxf3 Rf8 31. Ne4 Rf5 32. Ng3 Rf4 33. Ne2 Rh4 34. Qg2 Rxh2 35. Qxh2 Bxh2+ 36. Kxh2 Qd6+ 37. Kh3 Qd2 38. Rf2 Qxa2 39. Kg3 Qxb3 0-1

[Event "Barranquilla Physically limited"]
[Site "Barranquilla"]
[Date "2011.06.25"]
[Round "2.1"]
[White "David, Andersson"]
[Black "Montoya Perez, Juan Rafael"]
[Result "0-1"]
[WhiteElo "1650"]
[BlackElo "2063"]
[PlyCount "34"]
[EventDate "2011.06.25"]
[EventType "swiss"]
[EventRounds "5"]
[EventCountry "COL"]
[SourceTitle "EXT 2024"]
[Source "ChessBase"]
[SourceDate "2023.10.10"]
[SourceVersion "1"]
[SourceVersionDate "2023.10.10"]
[SourceQuality "1"]

1. d4 Nf6 2. c4 g6 3. g3 Bg7 4. Bg2 d6 5. Nf3 0-0 6. 0-0 c6 7. Nc3 Nbd7 8. e4 e5 9. d5 cxd5 10. cxd5 Nc5 11. Qc2 a5 12. a4 b6 13. Be3 Ba6 14. Rad1 Rc8 15. Qb1 Ng4 16. Bg5 f6 17. Bc1 Nb3 0-1

[Event "Barranquilla Physically limited"]
[Site "Barranquilla"]
[Date "2011.06.25"]
[Round "1.1"]
[White "Montoya Perez, Juan Rafael"]
[Black "Orozco, Walfranb"]
[Result "1-0"]
[WhiteElo "2063"]
[BlackElo "1622"]
[PlyCount "55"]
[EventDate "2011.06.25"]
[EventType "swiss"]
[EventRounds "5"]
[EventCountry "COL"]
[SourceTitle "EXT 2024"]
[Source "ChessBase"]
[SourceDate "2023.10.10"]
[SourceVersion "1"]
[SourceVersionDate "2023.10.10"]
[SourceQuality "1"]

1. e4 e5 2. Nf3 Nc6 3. Bc4 Bc5 4. b4 Bd6 5. Bb2 Qe7 6. 0-0 Nf6 7. Nh4 Bxb4 8. c3 Bc5 9. d4 Bb6 10. Nf5 Qf8 11. f4 d6 12. fxe5 dxe5 13. Ba3 Qg8 14. Kh1 Bxf5 15. Rxf5 0-0-0 16. d5 Nxe4 17. Qg4 Kb8 18. Qxe4 Qe8 19. dxc6 Rd1+ 20. Rf1 Rxf1+ 21. Bxf1 bxc6 22. Nd2 f6 23. Rb1 Qd7 24. Nc4 Rd8 25. Na5 Ka8 26. Nxc6 Qd5 27. Qxd5 Rxd5 28. Ba6 1-0

[Event "Medellin op"]
[Site "Medellin"]
[Date "2011.04.??"]
[Round "9"]
[White "Gomez Barrero, Sergio"]
[Black "Montoya Perez, Juan Rafael"]
[Result "1-0"]
[WhiteElo "2050"]
[BlackElo "2123"]
[PlyCount "34"]
[EventDate "2011.04.??"]
[EventType "swiss"]
[EventRounds "9"]
[EventCountry "COL"]
[SourceTitle "CBM 142 Extra"]
[Source "ChessBase"]
[SourceDate "2011.06.27"]
[SourceVersion "1"]
[SourceVersionDate "2011.06.27"]
[SourceQuality "1"]

1. e4 d6 2. Nf3 Nf6 3. Nc3 c5 4. Bc4 e6 5. d4 cxd4 6. Nxd4 a6 7. a4 Nxe4 8. Nxe4 d5 9. Bd3 dxe4 10. Bxe4 Bc5 11. Be3 Qb6 12. 0-0 f5 13. b4 Qxb4 14. Rb1 Qc4 15. Bxb7 Bxb7 16. Rxb7 0-0 17. Nxe6 Bxe3 1-0

[Event "Medellin op"]
[Site "Medellin"]
[Date "2011.04.??"]
[Round "1"]
[White "Guarin Cardona, Daniela"]
[Black "Montoya Perez, Juan Rafael"]
[Result "0-1"]
[WhiteElo "1993"]
[BlackElo "2123"]
[PlyCount "55"]
[EventDate "2011.04.??"]
[EventType "swiss"]
[EventRounds "9"]
[EventCountry "COL"]
[SourceTitle "CBM 142 Extra"]
[Source "ChessBase"]
[SourceDate "2011.06.27"]
[SourceVersion "1"]
[SourceVersionDate "2011.06.27"]
[SourceQuality "1"]

1. e4 Nc6 2. Nf3 d5 3. exd5 Qxd5 4. Nc3 Qa5 5. d4 Bg4 6. Be2 0-0-0 7. Be3 Nf6 8. 0-0 e5 9. h3 Bxf3 10. Bxf3 exd4 11. Bxc6 bxc6 12. Bxd4 c5 13. b4 Qxb4 14. Rb1 Qxd4 15. Qf3 Bd6 16. Rfe1 Qc4 17. Qf5+ Rd7 18. Qf3 Re7 19. Rxe7 Bxe7 20. Qa8+ Kd7 21. Qxh8 Qxc3 22. Rd1+ Bd6 23. Qxg7 Ke6 24. Qh8 Ke7 25. Kf1 Qc4+ 26. Rd3 Nd5 27. Kg1 Qxc2 28. Qxh7 0-1

[Event "Medellin op"]
[Site "Medellin"]
[Date "2011.04.??"]
[Round "6"]
[White "Montoya Perez, Juan Rafael"]
[Black "Barros, Raul Junior"]
[Result "1-0"]
[WhiteElo "2123"]
[BlackElo "2077"]
[PlyCount "53"]
[EventDate "2011.04.??"]
[EventType "swiss"]
[EventRounds "9"]
[EventCountry "COL"]
[SourceTitle "CBM 142 Extra"]
[Source "ChessBase"]
[SourceDate "2011.06.27"]
[SourceVersion "1"]
[SourceVersionDate "2011.06.27"]
[SourceQuality "1"]

1. d4 Nf6 2. Nf3 g6 3. Nc3 Bg7 4. e4 d6 5. Bf4 c6 6. Qd2 b5 7. a3 0-0 8. h3 a6 9. 0-0-0 Nbd7 10. e5 Ne8 11. h4 h5 12. g4 hxg4 13. Ng5 Nb6 14. h5 dxe5 15. hxg6 fxg6 16. Be3 Nf6 17. f4 exd4 18. Bxd4 Nh5 19. Qe3 Bxd4 20. Rxd4 Qc7 21. Re4 Nd5 22. Nxd5 cxd5 23. Re5 Bf5 24. Rxf5 Rxf5 25. Qe6+ Kg7 26. Qxf5 gxf5 27. Ne6+ 1-0

[Event "Medellin op"]
[Site "Medellin"]
[Date "2011.04.??"]
[Round "4"]
[White "Montoya Perez, Juan Rafael"]
[Black "Vallejo, Humberto"]
[Result "0-1"]
[WhiteElo "2123"]
[BlackElo "2051"]
[PlyCount "70"]
[EventDate "2011.04.??"]
[EventType "swiss"]
[EventRounds "9"]
[EventCountry "COL"]
[SourceTitle "CBM 142 Extra"]
[Source "ChessBase"]
[SourceDate "2011.06.27"]
[SourceVersion "1"]
[SourceVersionDate "2011.06.27"]
[SourceQuality "1"]

1. e4 Nf6 2. Nc3 d5 3. e5 Nfd7 4. e6 fxe6 5. d4 c5 6. Bd3 g6 7. dxc5 Bg7 8. h4 Qa5 9. Bd2 Qxc5 10. Nf3 e5 11. Ng5 Nf6 12. h5 e4 13. h6 Bxh6 14. Bb5+ Nc6 15. Be3 d4 16. Bxd4 Qxg5 17. Be3 Qxg2 18. Rxh6 Bg4 19. Bf1 Bxd1 20. Bxg2 Bxc2 21. Nb5 Rd8 22. Bh3 Ne5 23. Nc7+ Kf7 24. Be6+ Kg7 25. Rh1 g5 26. Bf5 Nf3+ 27. Kf1 Bd3+ 28. Kg2 Kf7 29. Be6+ Kg6 30. Bb3 Nd4 31. Bd1 e5 32. Rc1 Rd6 33. Rc5 Nf3 34. Bb3 b6 35. Nb5 Rd7 0-1

[Event "Medellin op"]
[Site "Medellin"]
[Date "2011.04.??"]
[Round "3"]
[White "Vargas, Edwin Antonio"]
[Black "Montoya Perez, Juan Rafael"]
[Result "1-0"]
[WhiteElo "2007"]
[BlackElo "2123"]
[PlyCount "55"]
[EventDate "2011.04.??"]
[EventType "swiss"]
[EventRounds "9"]
[EventCountry "COL"]
[SourceTitle "CBM 142 Extra"]
[Source "ChessBase"]
[SourceDate "2011.06.27"]
[SourceVersion "1"]
[SourceVersionDate "2011.06.27"]
[SourceQuality "1"]

1. d4 d6 2. f4 Nf6 3. Nf3 g6 4. Nc3 Bg7 5. e4 0-0 6. Bd3 c6 7. a4 Nbd7 8. e5 Ne8 9. Qe2 c5 10. d5 Qc7 11. e6 fxe6 12. dxe6 Ndf6 13. f5 c4 14. Bxc4 d5 15. Bd3 gxf5 16. Bxf5 Ne4 17. Nxd5 Qa5+ 18. Bd2 Qxd5 19. Bxe4 Qc5 20. c3 Nd6 21. Bd3 Rf6 22. Be3 Qh5 23. Nd4 Qd5 24. Rf1 Bxe6 25. Rxf6 exf6 26. Nxe6 Qxe6 27. Bf4 Qd7 28. 0-0-0 1-0